Biblioteka Instytutu Północnego w Olsztynie

Relacje o pomocy udzielanej Żydom przez Polaków w latach 1939-1945. (Rekord nr 27891)

Szczegóły MARC
000 -Nagłówek
fixed length control field 02767cam a2200565 i 4500
001 - Nr kontrolny bibl., która utworzyła rek.
control field xx004959788
003 - Siglum bibl., której nr kontr. jest w 001
control field NUKAT
005 - Data i czas ostatniej operacji
control field 20260430102958.0
008 - Elementy pola stałej długości
fixed length control field 201001s2020 pl g |001 0 pol c
020 ## - ISBN
ISBN 9788380989344
dopowiedzenie (oprawa twarda) :
warunki dostępności zł 45,00
035 ## - Systemowy numer kontrolny
systemowy numer kontrolny (OCoLC)1424311641
035 ## - Systemowy numer kontrolny
systemowy numer kontrolny (NUKAT)xx004959788
040 ## - Instytucja sporządzająca opis
Instytucja, która sporządziła opis LUBL KUL/MR
język katalgowania-trzyzn. kod pol
zasady opisu rda
Instytucja, która sporządziła rekord LUBL KUL/MR
Instytucja, która zmodyfikowała rekord LUBL KUL/SKs
-- POZN U/EMs
-- WA 14/ABs
-- OLSZT 008/bak
045 2# - Okres czasu dla zawartości
czas między r. 9999 pne a nasz. czas. d1939
-- d1945
046 ## - Kod rodz. daty, data1, data2 (daty pne)
Begin/single date 2020
Single or starting date for aggregated content 1946
Ending date for aggregated content 2002
245 00 - Tytuł właściwy i oznaczenie odpow.
tytuł Relacje o pomocy udzielanej Żydom przez Polaków w latach 1939-1945.
numer części/sekcji pracy T. 3,
tytuł części/sekcji pracy Dystrykt lubelski Generalnego Gubernatorstwa /
dod. inf. ze s. tyt./ozn. odpow. wybór i opracowanie Sebastian Piątkowski ; Instytut Pamięci Narodowej. Komisja Ścigania Zbrodni przeciwko Narodowi Polskiemu. Oddział w Lublinie.
260 ## - Adres wydawniczy
miejsce wydania, dystrybucji itp. Lublin ;
-- Warszawa :
nazwa wydawcy, dystrybutora itp. Instytut Pamięci Narodowej. Komisja Ścigania Zbrodni przeciwko Narodowi Polskiemu,
data wydania, dystrybucji itp. 2020.
300 ## - Opis fizyczny
objętość i/lub forma materiału 460 stron ;
format 25 cm.
336 ## - Content Type
Term Tekst
Code txt
Source rdacontent
337 ## - Media Type
Term Bez urządzenia pośredniczącego
Code n
Source rdamedia
338 ## - Carrier Type
Term Wolumin
Code nc
Source rdacarrier
380 ## - Form of work
Form of work Książki
380 ## - Form of work
Form of work Publikacje naukowe
388 1# - TIME PERIOD OF CREATION
Time period of creation term 1901-2000
388 1# - TIME PERIOD OF CREATION
Time period of creation term 1945-1989
388 1# - TIME PERIOD OF CREATION
Time period of creation term 1989-2000
388 1# - TIME PERIOD OF CREATION
Time period of creation term 2001-
490 1# - Tytuł serii i ks. wielotom.-nie do wysz.
oznaczenie serii Centralny Projekt Badawczy IPN Dzieje Żydów w Polsce oraz Relacje Polsko-Żydowskie w Latach 1914-1989
504 ## - Uwaga o bibliografii
uwaga o bibliografii Bibliografia na stronach 427-431. Indeksy.
648 #7 - SUBJECT ADDED ENTRY--CHRONOLOGICAL TERM
Chronological term 1901-2000
Source of heading or term DBN
9 (RLIN) 34996
648 #7 - SUBJECT ADDED ENTRY--CHRONOLOGICAL TERM
Chronological term 1939-1945
Source of heading or term DBN
9 (RLIN) 36042
650 #7 - Hasło przedmiotowe-nazwa pospolita
nazwa pospolita lub geogr. Holokaust
źródło hasła DBN
9 (RLIN) 37427
650 #7 - Hasło przedmiotowe-nazwa pospolita
nazwa pospolita lub geogr. II wojna światowa (1939-1945)
źródło hasła DBN
9 (RLIN) 35099
650 #7 - Hasło przedmiotowe-nazwa pospolita
nazwa pospolita lub geogr. Okupacja niemiecka Polski (1939-1945)
źródło hasła DBN
9 (RLIN) 36756
650 #7 - Hasło przedmiotowe-nazwa pospolita
nazwa pospolita lub geogr. Ratowanie Żydów i pomoc Żydom (1939-1945)
źródło hasła DBN
9 (RLIN) 40960
650 #7 - Hasło przedmiotowe-nazwa pospolita
nazwa pospolita lub geogr. Ukrywanie się Żydów (1939-1945)
źródło hasła DBN
9 (RLIN) 40640
650 #7 - Hasło przedmiotowe-nazwa pospolita
nazwa pospolita lub geogr. Wojna światowa (1939-1945)
określnik rzeczowy Żydzi
-- ratowanie
określnik geograficzny Polska
-- Lublin (region)
określnik formy relacje osobiste Polaków.
źródło hasła kaba
9 (RLIN) 40964
650 #7 - Hasło przedmiotowe-nazwa pospolita
nazwa pospolita lub geogr. Wojna światowa (1939-1945)
określnik rzeczowy Żydzi
-- ratowanie
określnik geograficzny Polska
określnik formy relacje osobiste Polaków.
źródło hasła kaba
9 (RLIN) 16321
651 #7 - Hasło przedmiotowe-nazwa geogr.
nazwa geograficzna Dystrykt lubelski (1939-1944)
źródło hasła DBN
9 (RLIN) 40965
655 #7 - Termin określający rodzaj/formę
rodzaj/forma Protokoły
źródło terminu DBN
9 (RLIN) 40545
655 #7 - Termin określający rodzaj/formę
rodzaj/forma Relacja
źródło terminu DBN
9 (RLIN) 40354
655 #7 - Termin określający rodzaj/formę
rodzaj/forma Wydawnictwo źródłowe
źródło terminu DBN
9 (RLIN) 35066
658 ## - Nazwa określająca cel programu nauczania
główny cel programu nauczania Historia
700 1# - Hasło dodatkowe - nazwa osobowa
nazwa osobowa Piątkowski, Sebastian
daty biograficzne (1970- ).
rodzaj współpracy Redakcja
9 (RLIN) 16263
710 2# - Hasło dodatkowe - nazwa ciała zbior.
nazwa ciała zbior. lub nazwa geogr. Instytut Pamięci Narodowej - Komisja Ścigania Zbrodni przeciwko Narodowi Polskiemu.
nazwa jednostki podrzędnej Oddział (Lublin).
rodzaj współpracy Instytucja sprawcza
9 (RLIN) 14495
710 2# - Hasło dodatkowe - nazwa ciała zbior.
nazwa ciała zbior. lub nazwa geogr. Instytut Pamięci Narodowej - Komisja Ścigania Zbrodni przeciwko Narodowi Polskiemu.
rodzaj współpracy Wydawca
kod rodzaju współpracy pbl
9 (RLIN) 11792
830 #0 - Hasło dod. serii i op. ks. wielotom. -tyt
tytuł Dzieje Żydów w Polsce oraz Relacje Polsko-Żydowskie w Latach 1914-1989
9 (RLIN) 40637
920 ## - ISBN
ISBN 978-83-8098-934-4 (oprawa twarda) : zł 45,00
942 ## - ADDED ENTRY ELEMENTS (KOHA)
Source of classification or shelving scheme Dewey Decimal Classification
Koha item type pozycje dostępne na miejscu
Egzemplarze
Status wycofania Status zagubienia Klasyfikacja Status uszkodzenia Blokada wypożyczeń Kolekcja Lokalizacja macierzysta Lokalizacja bieżąca Data nabycia Numer akcesji Źródło akcesji Cena Nr inwentarzowy il. wypożyczeń Sygnatura Kod kreskowy Date last seen Price effective from Typ egz.
    Dewey Decimal Classification nieuszkodzona   książka w magazynie Biblioteka Instytutu Północnego w Olsztynie Biblioteka Instytutu Północnego w Olsztynie 30/11/2020 D-36/2020 dar 45.00 59980   59980 IPWK24083 30/04/2026 30/04/2026 pozycje dostępne na miejscu
Biblioteka Instytutu Północnego, ul. Partyzantów 87, 10-402 Olsztyn, email: biblioteka(at)ip.olsztyn.pl